British Birds by Picture - Terns - Statistics

General Stats
  • This quiz has been taken 14 times
  • The average score is 13 of 19
Answer Stats
Picture Hint Answer % Correct
Sterna paradisaea Arctic Tern
100%
Chlidonias niger Black Tern
100%
Thalasseus acuflavidus Cabot's Tern
100%
Hydroprogne caspia Caspian Tern
100%
Sterna hirundo Common Tern
100%
Thalasseus sandvicensis Sandwich Tern
100%
Sterna forsteri Forster's Tern
86%
Sternula albifrons Little Tern
71%
Onychoprion aleuticus Aleutian Tern
57%
Thalasseus elegans Elegant Tern
57%
Thalasseus bengalensis Lesser Crested Tern
57%
Sterna dougallii Roseate Tern
57%
Thalasseus maximus Royal Tern
57%
Onychoprion fuscatus Sooty Tern
57%
Chlidonias hybrida Whiskered Tern
57%
Gelochelidon nilotica Gull-Billed Tern
43%
Chlidonias leucopterus White-Winged Black Tern
43%
Onychoprion anaethetus Bridled Tern
29%
Sternula antillarum Least Tern
29%
No matching quizzes found
Score Distribution
Percent of People with Each Score
Percentile by Number Answered
Your Score History
You have not taken this quiz